Loading...
| Fine Arts - Painting and Sculpture | 0 | 5 | 0 | 1 | 50 | 83 | 104.00 | 0 | 4 | 0.00 | 0.00 |
| Fine Arts - Other | 1 | 3 | 0 | 0 | 45 | 59 | 107.50 | 1 | 2 | 0.00 | 0.00 |
| Other Academic | 1 | 2 | 0 | 0 | 35 | 81 | 105.00 | 0 | 0 | 0.00 | 0.00 |
| History - World | 1 | 1 | 0 | 0 | 25 | 66 | 72.50 | 1 | 2 | 0.00 | 0.00 |
| Fine Arts - Classical Music | 0 | 2 | 0 | 0 | 20 | 78 | 107.00 | 0 | 2 | 0.00 | 0.00 |
| Science - Chemistry | 0 | 2 | 0 | 0 | 20 | 115 | 117.50 | 0 | 0 | 0.00 | 0.00 |
| Religion | 0 | 1 | 0 | 1 | 10 | 132 | 132.00 | 0 | 0 | 0.00 | 0.00 |
| Science - Biology | 0 | 1 | 0 | 0 | 10 | 140 | 140.00 | 0 | 0 | 0.00 | 0.00 |
| Social Science | 0 | 1 | 0 | 0 | 10 | 83 | 83.00 | 0 | 1 | 0.00 | 0.00 |
| Short Fiction and Other | 0 | 1 | 0 | 0 | 10 | 115 | 115.00 | 0 | 0 | 0.00 | 0.00 |
| Mythology | 0 | 1 | 0 | 0 | 10 | 148 | 148.00 | 0 | 0 | 0.00 | 0.00 |